One Piece - Lettre H - Statistiques

Statistiques générales
  • Ce quiz a été pris 99 fois
  • Le résultat moyen est 16 sur 25
Statistiques - réponses
Indice Réponse % Correct
Impératrice pirate et reine actuel d'Amazon Lily Hancock
99%
Nom de l'équipage de Trafalgar D. Water Law Heart Pirates
91%
Membre de la génération terrible battu par Killer à Onigashima Hawkins
90%
Meilleur ami de Koby et fils du colonel Morgan hermep
90%
Arme du géant Brogy et de Scopper Gaban Hache
87%
pouvoirs que contrôle Ivankov grâce à son fruit du démon Hormones
86%
Mentor de Chopper et dernier Médecin du Royaume de Drum Hiluluk
85%
Pouvoir que seul Jango maîtrise dans tous One Piece Hypnose
84%
Principale valeur d'un pirate, qu'il met en jeu à chacune de ses promesses Honneur
78%
Antagoniste de l'arc de l'île des hommes poissons Hody Jones
76%
Remplaçante de Zeus dans la garde rapproché de Big Mom Hera
70%
Commandant de la sixième flotte de l'équipage au chapeau de paille Hajrudin
68%
Fille de Kozuki Oden Hiyori
68%
Vice - amiral de la Marine surnommée "La Dame de Fer" Hina
65%
Plus récent roi d'Erbaf, ainsi que le père de Loki et d'Hajrudin Harald
62%
Résidant sur l'archipel Boing, il est la mentor d'Usopp pendant l'ellipse Héraclès
62%
Forme mi - humaine et mi - créature que prend un utilisateur de Zoan Hybride
61%
Selon l'auteur, si un humain mangeait se fruit du démon, il deviendrait un "meilleur humain" Humain
58%
Chef Yakuza qui à enseigné le courant à Luffy Hyogoro
52%
Objet animé par le pouvoir de Big Mom et lui obéissant Homies
42%
Nom du pigeon de compagnie de Rob Lucci Hattori
34%
Chef du village de Bakura et vedette de l'équipage aux cent bêtes à Wano Holdem
29%
Scientifique de l'île de Weatheria et mentor de Nami pendant l'ellipse Haredas
23%
Meilleur épéiste de l'île des hommes poissons Hyouzou
22%
Singe vivant sur l'île Kuraigana et immitant les techniques de Dracule Mihawk Humandrake
4%
Aucun quiz correspondant
Distribution des résultats
% des personnes avec chaque résultat
Percentile par nombre de réponses
Votre historique - résultats
Vous n’avez pas pris ce quiz